Multiliteracies in motion : (Record no. 20312)
[ view plain ]
| 000 -LEADER | |
|---|---|
| fixed length control field | 02757cam a22003135a 4500 |
| 001 - CONTROL NUMBER | |
| control field | 15764263 |
| 005 - DATE AND TIME OF LATEST TRANSACTION | |
| control field | 20160208103544.0 |
| 008 - FIXED-LENGTH DATA ELEMENTS--GENERAL INFORMATION | |
| fixed length control field | 090605s2010 nyua frb 001 0 eng d |
| 020 ## - INTERNATIONAL STANDARD BOOK NUMBER | |
| International Standard Book Number | 9780415801577 (pbk.) |
| 020 ## - INTERNATIONAL STANDARD BOOK NUMBER | |
| International Standard Book Number | 0415801575 (pbk.) |
| 040 ## - CATALOGING SOURCE | |
| Original cataloging agency | DLC |
| Language of cataloging | eng |
| Transcribing agency | DLC |
| Modifying agency | BTCTA |
| -- | C#P |
| -- | UKM |
| -- | CDX |
| -- | FDA |
| -- | DLC |
| -- | EG-ScBUE |
| -- | EG-ScBUE |
| 082 04 - DEWEY DECIMAL CLASSIFICATION NUMBER | |
| Classification number | 302.224407 |
| Item number | MUL |
| Edition number | 22 |
| 245 00 - TITLE STATEMENT | |
| Title | Multiliteracies in motion : |
| Remainder of title | current theory and practice / |
| Statement of responsibility, etc | edited by David R. Cole, Darren L. Pullen. |
| 260 ## - PUBLICATION, DISTRIBUTION, ETC. (IMPRINT) | |
| Place of publication, distribution, etc | New York : |
| Name of publisher, distributor, etc | Routledge / Taylor & Francis Group, |
| Date of publication, distribution, etc | 2010. |
| 300 ## - PHYSICAL DESCRIPTION | |
| Extent | ix, 273 p. : |
| Other physical details | ill. ; |
| Dimensions | 23 cm. |
| 500 ## - GENERAL NOTE | |
| General note | Index : p. 265-273. |
| 504 ## - BIBLIOGRAPHY, ETC. NOTE | |
| Bibliography, etc | Includes bibliographical references. |
| 505 0# - FORMATTED CONTENTS NOTE | |
| Formatted contents note | Introduction to multiliteracies in motion: current theory and practice / David R. Cole and Darren L. Pullen -- Classrooms and multiliteracies in motion; Uncritical framing: lesson and knowledge structure in school science / Beryl Exley and Allan Luke; Image, genre, voice, and the making of the school-literate child: lessons from multiliteracy teaching in China / Bette Zhang Bin and Peter Freebody; Introducing multimodal literacy to young children learning English as a second language (ESL) / Len unsworth and Robyn Bush -- Multiliteracies theory in motion. New media, new learning / Bill Cope and mary Kalantzis; Multiliteracies and the agency involved with computer operations in education / David R. Cole and Darren L. Pullen; Multiliteracies and the politics of desire / David R. Cole -- The pedagogy of multiliteracies in motion. Using the principles of multiliteracies to inform pedagogical change / Geoff Bull and Michele Anstey; Disrupting traditions: teachers negotiating multiliteracies and digital technologies / Elizabeth Petroelje Stolle and Gustavo E. Fischman; Using multiliteracies to facilitate culturally relevant pedagogy in the classroom / Louanne Ione Smolin and Kimberly Lawless -- Multiliteracies in practice; Multiliteracies and assessment practice / Ian Brown, Lori Lockyer and Peter Caputi; Young Australians reading in a digital world / Jennifer Rennie and Annette Patterson; Multiliteracies: resources for meaning-making in the secondary English classroom / Douglas McClenaghan and Brenton Doecke; A virtual school for rethinking learning / Julie Faulkner and Gloria Latham. |
| 650 #0 - SUBJECT ADDED ENTRY--TOPICAL TERM | |
| Topical term or geographic name as entry element | Literacy |
| General subdivision | Study and teaching. |
| Source of heading or term | BUEsh |
| 650 #0 - SUBJECT ADDED ENTRY--TOPICAL TERM | |
| Topical term or geographic name as entry element | Literacy |
| General subdivision | Research. |
| Source of heading or term | BUEsh |
| 650 #0 - SUBJECT ADDED ENTRY--TOPICAL TERM | |
| Topical term or geographic name as entry element | Computer literacy. |
| Source of heading or term | BUEsh |
| 9 (RLIN) | 26078 |
| 650 #0 - SUBJECT ADDED ENTRY--TOPICAL TERM | |
| Topical term or geographic name as entry element | Educational technology. |
| Source of heading or term | BUEsh |
| 650 #0 - SUBJECT ADDED ENTRY--TOPICAL TERM | |
| Topical term or geographic name as entry element | Education |
| General subdivision | Effect of technological innovations on. |
| Source of heading or term | BUEsh |
| 651 ## - SUBJECT ADDED ENTRY--GEOGRAPHIC NAME | |
| Source of heading or term | BUEsh |
| 653 ## - INDEX TERM--UNCONTROLLED | |
| Resource For college | |
| Arrived date list | July2015 |
| -- | January2016 |
| 700 1# - ADDED ENTRY--PERSONAL NAME | |
| Personal name | Cole, David R. |
| Fuller form of name | (David Robert), |
| Dates associated with a name | 1967- |
| Relator term | editor. |
| 700 1# - ADDED ENTRY--PERSONAL NAME | |
| Personal name | Pullen, Darren L., |
| Relator term | editor. |
| 942 ## - ADDED ENTRY ELEMENTS (KOHA) | |
| Source of classification or shelving scheme | Dewey Decimal Classification |
| Withdrawn status | Lost status | Source of classification or shelving scheme | Damaged status | Not for loan | Koha collection | Home library | Current library | Shelving location | Date acquired | Source of acquisition | Cost, normal purchase price | Serial Enumeration / chronology | Total Checkouts | Full call number | Barcode | Date last seen | Cost, replacement price | Koha item type |
|---|---|---|---|---|---|---|---|---|---|---|---|---|---|---|---|---|---|---|
| Dewey Decimal Classification | Baccah | Central Library | Central Library | First floor | 08/07/2015 | Purchase | 396.00 | 21782 | 302.224407 MUL | 000039264 | 15/07/2025 | 495.00 | Book - Borrowing |